Word Ladder #4 - Statistics

General Stats
  • This quiz has been taken 77 times
    60 since last reset
  • The average score is 16 of 20
Answer Stats
Hint Word % Correct
Finished DONE
92%
Fresh, for a fruit RIPE
92%
Generous or nice KIND
90%
Medieval ruler KING
88%
Type of winter tree PINE
88%
Drown, for a boat SINK
88%
Cup of beer PINT
86%
A note from the throat SING
84%
Large cord ROPE
82%
Illegal drugs DOPE
78%
Produced by clothes LINT
78%
Thinking organ MIND
78%
Ascend RISE
78%
Used for skating or curling RINK
76%
War themed board game RISK
74%
Color or shade TINT
70%
Stoat or otter MINK
68%
Money maker MINT
68%
Area ZONE
66%
Community made magazine ZINE
58%
No matching quizzes found
Score Distribution
Percent of People with Each Score
Percentile by Number Answered
Your Score History
You have not taken this quiz since the last reset